Obracht-Prondzyński, Cezary. Zjednoczeni w idei. - Gdańsk : Zrzeszenie Kaszubsko-Pomorskie. - 2006 [Rezension]
| Titel: | Obracht-Prondzyński, Cezary. Zjednoczeni w idei. - Gdańsk : Zrzeszenie Kaszubsko-Pomorskie. - 2006 [Rezension] |
|---|---|
| Verfasser: | |
| In: |
Acta cassubiana, Band 11 (2009), Seite 346-355 alle Artikel anzeigen |
| Veröffentlicht: | 2009 |
| Format: | Aufsatz |
| Sprache: | Polnisch |
X
alg: 39510059 001A $01999:12-11-16 001B $06050:10-03-26 $t09:56:29.000 001D $01999:12-11-16 001U $0utf8 001X $00 002@ $0Aox 003@ $0395100593 007A $0395100593 $aHEB 007T $0Herda26165h 010@ $apol 011@ $a2009 021A $aObracht-Prondzyński, Cezary. Zjednoczeni w idei. - Gdańsk : Zrzeszenie Kaszubsko-Pomorskie. - 2006 [Rezension] 028A $#Borzyszkowski, Josef $#Bòrzëszkòwsczi, Józef $7103361952 $8Borzyszkowski, Józef$Z1946- [Tp1] $9138771383 031A $d11 $h346-355 $j2009 039B $aIn $8--Abvc--. Acta cassubiana. - Gdańsk : [Verlag nicht ermittelbar], 1999-. - ISSN 1509-5703 $x200900000110000654 $9099074672 039T $8--Aau--Obracht-Prondzyński, Cezary$Z1966- [Tp1]. Zjednoczeni w idei. - Gdańsk : Zrzeszenie Kaszubsko-Pomorskie, 2006. - 495 S.. - Ill.. - ISBN 978-83-87258-46-7 $9185783198 045F $a900.9438 $eDDC23BSB 045F/01 $a900 045F/03 $g438 045T $a7,41 $a7,39 045T $aOST $qDE-12 $2FID lok: 39510059 78 exp: 39510059 78 1 #EPN 201B/01 $018-11-16 $t13:44:58.000 201U/01 $0utf8 203@/01 $0791399222 208@/01 $a12-11-16 $be 209A/01 $a/ $f000 $x00 220C/01 $aHerkunft: PBB/IH PAN 244Z/01 $2Trx $#Poola $#Lenkija $#Polija $#Polen Land $#Poland $#Lengyelország $#Poľsko $#Polsko $8--Trx--Polska$gkraj $x01 $9391345966 244Z/01 $2Trx $#arvustused $#recenzijos $#Reviews $#recenziók $#recenzje $#recenzie $#recenze $8--Trx--Rezensionen $x02 $9391357441 247C/01 $82080>Marburg/Lahn, Herder-Institut, Forschungsbibliothek, Bibliographieportal $9336309341
| LEADER | 00000caa a22000002c 4500 | ||
|---|---|---|---|
| 001 | 395100593 | ||
| 003 | DE-603 | ||
| 005 | 20260310095629.0 | ||
| 007 | tu | ||
| 008 | 161112s2009 xx |||| | u00||u|pol c | ||
| 035 | |a (DE-599)HEB395100593 | ||
| 040 | |a DE-603 |b ger |c DE-603 |d DE-603 | ||
| 041 | |a pol | ||
| 082 | 0 | 4 | |8 1\u |a 900.9438 |q DE-101 |2 23/BSB |
| 084 | |a 7,41 |a 7,39 |2 ssgn | ||
| 084 | |a OST |q DE-12 |2 fid | ||
| 085 | |8 1\u |b 900 | ||
| 085 | |8 1\u |z 2 |s 438 | ||
| 100 | 1 | |a Borzyszkowski, Józef |d 1946- |0 (DE-603)138771383 |0 (DE-588)103361952 |2 gnd | |
| 245 | 0 | 0 | |a Obracht-Prondzyński, Cezary. Zjednoczeni w idei. - Gdańsk : Zrzeszenie Kaszubsko-Pomorskie. - 2006 [Rezension] |
| 264 | 0 | |c 2009 | |
| 773 | 0 | 8 | |i In |t Acta cassubiana |d Gdańsk : [Verlag nicht ermittelbar], 1999- |x 1509-5703 |g Band 11 (2009), Seite 346-355 |w (DE-603)099074672 |w (DE-600)2050525-5 |
| 787 | 0 | 8 | |i Rezension von |a Obracht-Prondzyński, Cezary, 1966- |t Zjednoczeni w idei |d Gdańsk : Zrzeszenie Kaszubsko-Pomorskie, 2006 |h 495 S., Ill. |z 9788387258467 |w (DE-603)185783198 |
| 924 | 0 | |9 2080 |a (DE-603)791399222 |b DE-2080 |c HES |d d |g / | |


